000
00289nam a22001217a 4500
008
160520b xxu||||| |||| 00| 0 eng d
020
_a
9780697122711
020
_a
0697122719
041
_a
eng
080
_a
159.9
245
_a
Human anotomy physiology:
_c
John W. Hole Jr;
942
_2
udc
_c
BK
999
_c
2329
_d
2329